| 000 | 004860000a22001930004500 | ||
|---|---|---|---|
| 001 | 002876 | ||
| 003 | MACL | ||
| 005 | 20151004153616.0 | ||
| 008 | 151004b xxu||||| |||| 00| 0 eng d | ||
| 040 |
_aMACL _cMACL |
||
| 041 | _aEnglish | ||
| 082 | _a910/MAN | ||
| 100 |
_aMandal, Aparna _913740 |
||
| 245 |
_aThe Sundarbans _bAn Ecological History _cAparna Mandal |
||
| 260 |
_aKolkata _c2008 _bReaders services, |
||
| 350 | _a400 | ||
| 650 |
_aGeography _913741 |
||
| 942 |
_k910 _cBK _2ddc |
||
| 999 |
_c14784 _d14784 |
||